Los fragmentos de bosques en el paisaje tropical y la conservación de las aves migratorias : (Registro nro. 1041)

Detalles MARC
000 -CABECERA
Campo de control 00868nam a2200253 a 4500
005 - FECHA Y HORA DE LA ULTIMA TRANSACCION
Campo de control 20200104041517.0
008 - ELEMENTOS DE LONGITUD FIJA—INFORMACION GENERAL
Campo de control 140224b1993 -us fr|||| 00| 0 spa d
020 ## - ISBN
ISBN 1881230031
040 ## - FUENTE DE CATALOGACIÓN
Agencia catalogadora original CO-BoIAVH
Agencia transcriptora CO-BoIAVH
041 0# - IDIOMA
Código de idioma para texto/pista de sonido o título separado Español
044 ## - PAÍS DE PUBLICACIÓN
País de publicación Estados Unidos
082 04 - NUMERO DE CLASIFICACION DECIMAL DEWEY
Número de clasificación 577.3
Número del ítem S32f
100 1# - ASIENTO PRINCIPAL--NOMBRE PERSONAL
Nombre personal Schelhas, John
9 (RLIN) 8154
245 14 - MENCION DE TITULO
Título Los fragmentos de bosques en el paisaje tropical y la conservación de las aves migratorias :
Mención de responsabilidad John Schelhas & RussellGreenberg
260 ## - PUBLICACION, DISTRIBUCION, ETC. (PIE DE IMPRENTA)
Lugar de publicación, distribución, etc. Washington :
Nombre del editor, distribuidor, etc. Smithsonian Migratory Bird Center ,
Fecha de publicación, distribución, etc. 1993.
300 ## - DESCRIPCION FISICA
Extensión 64 páginas ;
Dimensiones 27 x 21 cm.
650 16 - ASIENTO SECUNDARIO DE MATERIA - TERMINO TEMATICO
Término temático o nombre geográfico como elemento de entrada Fragmentación de bosques
9 (RLIN) 349
650 26 - ASIENTO SECUNDARIO DE MATERIA - TERMINO TEMATICO
Término temático o nombre geográfico como elemento de entrada Ecosistemas tropicales
9 (RLIN) 3564
650 26 - ASIENTO SECUNDARIO DE MATERIA - TERMINO TEMATICO
Término temático o nombre geográfico como elemento de entrada Conservación de biodiversidad
9 (RLIN) 345
650 26 - ASIENTO SECUNDARIO DE MATERIA - TERMINO TEMATICO
Término temático o nombre geográfico como elemento de entrada Aves migratorias
9 (RLIN) 56379
650 26 - ASIENTO SECUNDARIO DE MATERIA - TERMINO TEMATICO
Término temático o nombre geográfico como elemento de entrada Estrategias de conservación
9 (RLIN) 56380
700 1# - ASIENTO SECUNDARIO - NOMBRE PERSONAL
Nombre personal Greenberg, Russell
9 (RLIN) 8156
942 ## - ELEMENTOS ADICIONALES (KOHA)
Tipo de ítem Libro
Sistema de clasificación Dewey Decimal Classification
Existencias
Withdrawn status Lost status Sistema de Clasificación Damaged status No para préstamo Colección Inventariado Ubicación Permanente Ubicación actual Fecha de adquisición Fuente de Valor Valor Total Checkouts Número topográfico Inventario / Código de Barras Date last seen Ejemplar Price effective from Forma de adquisición Tipo de material
    Dewey Decimal Classification     General Inventariado 2017 Bogotá Bogotá 18/01/2001 Instituto 39000.00   LB-577.3 S32f 017616 04/12/2012 Ej. 2 04/12/2012   Libro
    Dewey Decimal Classification     General Inventariado 2017 Sala Fabio Quevedo Sala Fabio Quevedo 14/01/1999 Instituto 39000.00   LB-577.3 S32f 001425 04/12/2012 Ej. 1 04/12/2012   Libro